Structural engineer's pocket book (Record no. 108702)
[ view plain ]
| 000 -LEADER | |
|---|---|
| fixed length control field | 01899cad a22002775a 4500 |
| 001 - CONTROL NUMBER | |
| control field | L145156 |
| 008 - FIXED-LENGTH DATA ELEMENTS--GENERAL INFORMATION | |
| fixed length control field | 080911s2009 xxk adef 001 0 eng d |
| 020 ## - INTERNATIONAL STANDARD BOOK NUMBER | |
| International Standard Book Number | 9780750686860 |
| 035 ## - SYSTEM CONTROL NUMBER | |
| System control number | (Sirsi) u145156 |
| 041 0# - LANGUAGE CODE | |
| Language code of text/sound track or separate title | eng |
| 050 04 - LIBRARY OF CONGRESS CALL NUMBER | |
| Classification number | 624 $2 18 |
| 100 1# - MAIN ENTRY--PERSONAL NAME | |
| Personal name | Cobb, Fiona |
| 245 00 - TITLE STATEMENT | |
| Title | Structural engineer's pocket book |
| Medium | [electronic resource] |
| 250 ## - EDITION STATEMENT | |
| Edition statement | 2nd ed. |
| 260 ## - PUBLICATION, DISTRIBUTION, ETC. | |
| Place of publication, distribution, etc. | Oxford |
| Name of publisher, distributor, etc. | Elsevier Butterworth-Heinemann |
| Date of publication, distribution, etc. | 2009 |
| 300 ## - PHYSICAL DESCRIPTION | |
| Extent | eBook |
| 505 2# - FORMATTED CONTENTS NOTE | |
| Formatted contents note | General information -- Statutory authorities and permissions -- Design data -- Structural analysis -- Timber and plywood -- Masonry -- Reinforced concrete -- Structural steel -- Composite steel and concrete -- Structural glass -- Building elements, materials, fixings and fastenings -- Sustainability -- Useful mathematics |
| 520 ## - SUMMARY, ETC. | |
| Summary, etc. | A pocket reference guide for professional and student structural engineers, containing tables, data, facts, formulae and rules of thumb for scheme design. This new edition adds a chapter about sustainability and the changes to the British standards. The first chapter includes general information such as the metric system, imperial units and conversion factors. The other chapters refer to more specific subjects: statutory authorities and permissions; design data; basic and shortcut tools for structural analysis; geotechnics; timber and plywood; masonry; reinforced concrete; structural steel; composite steel and concrete; structural glass; building elements, materials, fixings and fastenings. A final chapter covers useful mathematics. |
| 520 ## - SUMMARY, ETC. | |
| Summary, etc. | Supersedes first edition (ISBN 0750656387) |
| 590 ## - LOCAL NOTE (RLIN) | |
| Local note | KA |
| 650 24 - SUBJECT ADDED ENTRY--TOPICAL TERM | |
| Topical term or geographic name entry element | EBOOK |
| 651 #4 - SUBJECT ADDED ENTRY--GEOGRAPHIC NAME | |
| Geographic name | England and Wales |
| Chronological subdivision | 1543- |
| 690 ## - LOCAL SUBJECT ADDED ENTRY--TOPICAL TERM (OCLC, RLIN) | |
| Topical term or geographic name as entry element | BUILT ENVIRONMENT-ENGINEERING-CIVIL ENGINEERING-STRUCTURAL ENGINEERING |
| 856 48 - ELECTRONIC LOCATION AND ACCESS | |
| Uniform Resource Identifier | <a href="https://www.vlebooks.com/">https://www.vlebooks.com/</a> |
| Public note | View on VLEbooks. Logins for members only from [email protected] |
| 942 ## - ADDED ENTRY ELEMENTS (KOHA) | |
| Suppress in OPAC | 0 |
| Withdrawn status | Lost status | Damaged status | Not for loan | Home library | Current library | Shelving location | Date acquired | Cost, normal purchase price | Total Checkouts | Full call number | Barcode | Date last seen | Date last checked out | Copy number | Cost, replacement price | Price effective from | Koha item type | Source of classification or shelving scheme |
|---|---|---|---|---|---|---|---|---|---|---|---|---|---|---|---|---|---|---|
| Missing from bundle | London | London | Books | 08/01/2009 | 16.99 | 6 | 624 COB | 30076446 | 06/08/2019 | 11/11/2009 | 1 | 16.99 | 06/08/2019 | Book | ||||
| Virtual | Virtual | Online | 23/11/2010 | EBOOK | 145156-2001 | 06/08/2019 | 1 | 06/08/2019 | Book | Dewey Decimal Classification |